Blancanieves / (Registro nro. 14821)

Detalles MARC
000 -LIDER
fixed length control field 00946nam a22002777a 4500
003 - IDENTIFICACDOR DE NÚMERO DE CONTROL
control field DO-SdBNP
005 - DATE AND TIME OF LATEST TRANSACTION
control field 20241004103225.0
008 - ELEMENTOS DE LONGITUD FIJA
fixed length control field 161129b2008 cl a 00| 0 spa d
020 ## - ISBN
International Standard Book Number 9789583008399
040 ## - FUENTE DE CATALOGACIÓN
Agencia que crea de manera original el registro BPMSU
Idioma de catalogación spa
Agencia que realiza la transcripción BPMSU
082 #4 - NÚMERO DE CLASIFICACIÓN DECIMAL DE DEWEY
Classification number 833.7
Item number G864b 2008
Edition number 22
100 1# - ASIENTO PRINCIPAL -- NOMBRE PERSONAL
Término de relación Grimm, Jacob Ludwig Karl
Fechas asociadas con el nombre 1985-1863
245 10 - MENCIÓN DE TITULO
Título Blancanieves /
Mención de responsabilidad Jacobo y Wilhelm Grimm ; ilustraciones Javier Fernando Porras
260 ## - PUBLICACIÓN, DISTRIBUCIÓN, ETC. (PIE DE IMPRENTA)
Lugar de publicación, distribución, etc Bogotá, Colombia :
Nombre del editor, distribuidor, etc. Panamericana Editorial,
Fecha de publicación, distribución, etc 2008
300 ## - DESCRIPCIÓN FÍSICA
Extensión 8 p. :
Otros detalles físicos il.,;
Dimensiones 28 cm.
490 0# - MENCIÓN DE SERIES
Mención de serie Biblioteca del cuento
--
Volume/sequential designation
590 ## - NOTA LOCAL
Texto de la nota local Inventariado, 23024/VM
650 #4 - ENCABEZAMIENTO DE MATERIA--TEMÁTICO
Término temático o nombre geográfico como elemento de entrada Cuentos infantiles alemanes
Subdivisión de forma
650 #4 - ENCABEZAMIENTO DE MATERIA--TEMÁTICO
Término temático o nombre geográfico como elemento de entrada Brujas
Subdivisión de forma Cunentos infantiles
650 #4 - ENCABEZAMIENTO DE MATERIA--TEMÁTICO
Término temático o nombre geográfico como elemento de entrada Libros ilustrados para niños
700 1# - ASIENTO SECUNDARIO -- NOMBRE PERSONAL
Nombre personal Grimm, ‎Wilhelm
Mención de responsabilidad creador
700 1# - ASIENTO SECUNDARIO -- NOMBRE PERSONAL
Nombre personal Porras, Javier Fernando
Mención de responsabilidad ilustración
710 2# - ASIENTO SECUNDARIO -- NOMBRE CORPORATIVO
Nombre corporativo o de jurisdicción Panamericana Editorial
910 ## - VALIDACIÓN
Validación VMateo V. Control de calidad. BPMSU
942 ## - ADDED ENTRY ELEMENTS (KOHA)
Source of classification or shelving scheme Dewey Decimal Classification
Koha item type Libros
Existencias
Withdrawn status Lost status Source of classification or shelving scheme Damaged status Not for loan Collection code Home library Current library Date acquired Total Checkouts Full call number Barcode Date last seen Price effective from Koha item type Copy number
    Dewey Decimal Classification     Colección Infantil General Biblioteca Pública Metropolitana Salomé Ureña Biblioteca Pública Metropolitana Salomé Ureña 10/04/2024   BPMSU CGI 833.7 G864b 2008 BPMSU24100008 10/04/2024 10/04/2024 Libros  
    Dewey Decimal Classification     Colección Infantil General Biblioteca Pública Metropolitana Salomé Ureña Biblioteca Pública Metropolitana Salomé Ureña 10/04/2024   BPMSU CGI 833.7 G864b 2008 BPMSU24100009 10/04/2024 10/04/2024 Libros e.2
    Dewey Decimal Classification     Colección Infantil General Biblioteca Pública Metropolitana Salomé Ureña Biblioteca Pública Metropolitana Salomé Ureña 10/04/2024   BPMSU CGI 833.7 G864b 2008 BPMSU24100010 10/04/2024 10/04/2024 Libros e.3